Kepimpinan di alaf baru [ bersama tokoh pemimpin YB Dato` Seri Mohamad Nazri bin Tan Sri Abdul Aziz

Bibliographic Details
Format: Book
Published: Bangi : INSPEN , 2000
Subjects:

MARC

LEADER 00000cam a2200000 7i4500
001 0000019616
005 20070625.0
040 |a INS 
090 0 0 |a HD38.2 2000 
245 0 0 |a Kepimpinan di alaf baru [  |h cakera vide] :   |b bersama tokoh pemimpin YB Dato` Seri Mohamad Nazri bin Tan Sri Abdul Aziz 
260 |a Bangi :   |b INSPEN ,   |c 2000 
300 |a 2 cakera vide) (130 min.) :   |b sd.,col. ;   |c 3/4 in. 
500 |a Juga terdapat dalam bentuk video kaset 
650 0 0 |a Laeadership 
999 |a VCD0000842   |b VIDEO CD   |c Media Collection   |e Default branch